000 00424pab a2200169 454500
008 180718b2004 xxu||||| |||| 00| 0 eng d
100 _aDevarajan, Shantayanan
245 _aMaking services work for India's poor
260 _c2004
300 _ap.907-19.
362 _a28 Feb
650 _aPoverty - India
650 _aPoverty
700 _aShah, Shekhar
773 _aEconomic and Political Weekly
909 _a59846
999 _c59846
_d59846